Alle Gemeinden die an Wien grenzen - Statistiken

Allgemein
  • Dieses Quiz wurde 219 mal gespielt
    203 seit der letzten Aktualisierung
  • Das Durchschnittsergebnis liegt bei 9 aus 21
Antworten auf der Karte
Die Antworten werden auf der Karte rot bzw. grün angezeigt, abhängig davon wie oft sie richtig erraten wurden.
 
Antwortstatistiken
Bezirk Einwohner Gemeinde % Korrekt
Tulln an der Donau 27.588 Klosterneuburg
90%
Bruck an der Leitha 20.375 Schwechat
85%
Gänserndorf 11.740 Groß-Enzersdorf
60%
Mödling 7.373 Vösendorf
58%
St. Pölten-Land 9.890 Purkersdorf
55%
Korneuburg 11.666 Gerasdorf bei Wien
52%
Mödling 14.978 Perchtoldsdorf
51%
Bruck an der Leitha 5.578 Fischamend
44%
Mödling 12.024 Brunn am Gebirge
43%
Gänserndorf 9.018 Deutsch-Wagram
43%
Korneuburg 8.084 Langenzersdorf
35%
Bruck an der Leitha 5.250 Leopoldsdorf
35%
Gänserndorf 198 Aderklaa
30%
Mödling 5.891 Breitenfurt bei Wien
27%
Mödling 3.350 Kaltenleutgeben
25%
St. Pölten-Land 3.574 Mauerbach
25%
Gänserndorf 665 Raasdorf
25%
Korneuburg 2.363 Hagenbrunn
23%
Mödling 1.540 Hennersdorf
22%
Bruck an der Leitha 1.905 Lanzendorf
20%
Mödling 1.114 Laab im Walde
19%
Keine übereinstimmenden Quizze gefunden
Verteilung der Resultate
Anzahl Personen mit jedem Resultat
Perzentil nach korrekt beantworteten Fragen
Ihre Resultats-Entwicklung
Sie haben dieses Quiz seit der letzten Aktualisierung nicht gespielt